000 00910nam a22001937a 4500
999 _c63414
_d63414
003 Ge_BSU
005 20251006140528.0
008 251006s1966 ge ||||| |||| 00| 0 geo d
041 _ageo
080 _a631.615(479.22) 633/635 შ-20
100 _aშამათავა, დ.
_925931
245 _aკოლხეთის დაბლობის ათვისების პერსპექტივები /
_cდ. შამათავა.
264 _aთბ.,
_c1966.
300 _a127 გვ. :
_b ილ. და ცხრილ., 2 ფ. ცხრილ. ;
_c20 სმ.
653 _aკოლხეთის დაბლობის ათვისება
653 _aდაფნის კულტურა საქართველოში
653 _aსუბტროპიკული კულტურები საქართველოში
942 _2udc
_cBK